5HLuxD.jpg

KING HENRY VIII SENIOR AND PRIMARY SCHOOL LIBRARY OPAC

Bet you didn't know : (Record no. 4246)

000 -LEADER
fixed length control field 02011cam a2200397 i 4500
001 - CONTROL NUMBER
control field 19419686
003 - CONTROL NUMBER IDENTIFIER
control field OSt
005 - DATE AND TIME OF LATEST TRANSACTION
control field 20250203152054.0
008 - FIXED-LENGTH DATA ELEMENTS--GENERAL INFORMATION
fixed length control field 161227s2017 dcua j 001 0 eng
010 ## - LIBRARY OF CONGRESS CONTROL NUMBER
LC control number 2016051452
020 ## - INTERNATIONAL STANDARD BOOK NUMBER
International Standard Book Number 9781426328374 (hardcover : alkaline paper)
020 ## - INTERNATIONAL STANDARD BOOK NUMBER
International Standard Book Number 9781426328381 (hardcover : alkaline paper)
040 ## - CATALOGING SOURCE
Original cataloging agency DLC
Language of cataloging eng
Transcribing agency DLC
Description conventions rda
Modifying agency DLC
042 ## - AUTHENTICATION CODE
Authentication code pcc
050 00 - LIBRARY OF CONGRESS CALL NUMBER
Classification number AG244
Item number .B48 2017
082 00 - DEWEY DECIMAL CLASSIFICATION NUMBER
Classification number 031.02
Edition number 23
084 ## - OTHER CLASSIFICATION NUMBER
Classification number JNF016000
Number source bisacsh
245 00 - TITLE STATEMENT
Title Bet you didn't know :
Remainder of title fascinating, far-out, fun-tastic facts.
246 3# - VARYING FORM OF TITLE
Title proper/short title Bet you did not know
264 #1 - PRODUCTION, PUBLICATION, DISTRIBUTION, MANUFACTURE, AND COPYRIGHT NOTICE
Place of production, publication, distribution, manufacture Washington, D.C. :
Name of producer, publisher, distributor, manufacturer National Geographic,
Date of production, publication, distribution, manufacture, or copyright notice [2017]
300 ## - PHYSICAL DESCRIPTION
Extent 192 pages :
Other physical details color illustrations ;
Dimensions 31 cm
336 ## - CONTENT TYPE
Content type term text
Content type code txt
Source rdacontent
337 ## - MEDIA TYPE
Media type term unmediated
Media type code n
Source rdamedia
338 ## - CARRIER TYPE
Carrier type term volume
Carrier type code nc
Source rdacarrier
490 0# - SERIES STATEMENT
Series statement National Geographic kids
500 ## - GENERAL NOTE
General note Includes index.
520 2# - SUMMARY, ETC.
Summary, etc. "Did you know that the first stop signs were black and white? Or that a litter of kittens is called a kindle? There's a lot to know and we bet you'll have fun learning these fun, far-out facts in the next super series from National Geographic Kids! Based on a favorite department in Nat Geo Kids magazine, this book is chock-full of fascinating facts, silly stats, and catchy little knowledge nuggets in all kinds of cool categories, from astronomy and dinosaurs to revolutions and breakfast. Special features include Extreme Weirdness, Strange Places, Wacky World, and more"--Provided by publisher.
521 2# - TARGET AUDIENCE NOTE
Target audience note Grades 4 to 6.
600 ## - SUBJECT ADDED ENTRY--PERSONAL NAME
Personal name GEOGRAPHIC NATIONAL
Fuller form of name NATIONAL GEOGRAPHIC
650 #0 - SUBJECT ADDED ENTRY--TOPICAL TERM
Topical term or geographic name entry element Curiosities and wonders
Form subdivision Juvenile literature.
650 #7 - SUBJECT ADDED ENTRY--TOPICAL TERM
Topical term or geographic name entry element JUVENILE NONFICTION / Curiosities & Wonders.
Source of heading or term bisacsh
710 2# - ADDED ENTRY--CORPORATE NAME
Corporate name or jurisdiction name as entry element National Geographic Society (U.S.)
906 ## - LOCAL DATA ELEMENT F, LDF (RLIN)
a 7
b cbc
c orignew
d 1
e ecip
f 20
g y-gencatlg
942 ## - ADDED ENTRY ELEMENTS (KOHA)
Source of classification or shelving scheme
Koha item type Books - Non Ficton
Holdings
Withdrawn status Lost status Source of classification or shelving scheme Damaged status Not for loan Collection code Permanent Location Current Location Shelving location Date acquired Total Checkouts Full call number Barcode Date due Date last seen Date last checked out Price effective from Koha item type Public note
          Non-Fiction KH8 Primary School Library KH8 Primary School Library Non Fiction 2025-02-03 9 031.02 KHPL000005068 2026-03-17 2026-03-09 2026-03-09 2025-02-03 Books - Non Ficton KH8 PRIMARY

Powered By KH8 IT Dept